District health care : (Record no. 4)

MARC details
000 -LEADER
fixed length control field 00637nam a22001937a 4500
003 - CONTROL NUMBER IDENTIFIER
control field OSt
005 - DATE AND TIME OF LATEST TRANSACTION
control field 20220722135845.0
008 - FIXED-LENGTH DATA ELEMENTS--GENERAL INFORMATION
fixed length control field 210204b ||||| |||| 00| 0 eng d
020 ## - INTERNATIONAL STANDARD BOOK NUMBER
International Standard Book Number 0333397622
040 ## - CATALOGING SOURCE
Transcribing agency PHNS
050 ## - LIBRARY OF CONGRESS CALL NUMBER
Classification number RA395.D63
100 ## - MAIN ENTRY--PERSONAL NAME
Personal name Amonoo-Lartson, R.
245 ## - TITLE STATEMENT
Title District health care :
Remainder of title challenges for planning, organisation and evaluation in developing countries /
Statement of responsibility, etc. Amonoo-Lartson, R. ... [et al].
260 ## - PUBLICATION, DISTRIBUTION, ETC.
Place of publication, distribution, etc. London :
Name of publisher, distributor, etc. ELBS,
Date of publication, distribution, etc. 1984.
300 ## - PHYSICAL DESCRIPTION
Extent x, 208 p. :
Other physical details ill.
650 ## - SUBJECT ADDED ENTRY--TOPICAL TERM
Form subdivision Health care challenges
General subdivision Health care
Geographic subdivision Developing countries
700 ## - ADDED ENTRY--PERSONAL NAME
Personal name Ebrahim, G. J.
-- Lovel, H. J.
-- Ranken, J. P.
942 ## - ADDED ENTRY ELEMENTS (KOHA)
Source of classification or shelving scheme Library of Congress Classification
Koha item type Books
Holdings
Withdrawn status Lost status Source of classification or shelving scheme Damaged status Not for loan Home library Current library Shelving location Date acquired Full call number Barcode Date last seen Copy number Price effective from Koha item type Public note
    Library of Congress Classification     Public Health Nurses School Public Health Nurses School General Stacks 02/04/2021 RA395.D63 00447 02/04/2021 c.1 02/04/2021 Books ekp 04/02/21
    Library of Congress Classification     Public Health Nurses School Public Health Nurses School General Stacks 02/04/2021 RA395.D63 00448 02/04/2021 c.2 02/04/2021 Books ekp 04/02/21
    Library of Congress Classification     Public Health Nurses School Public Health Nurses School General Stacks 02/04/2021 RA395.D63 00449 02/04/2021 c.3 02/04/2021 Books ekp 04/02/21
    Library of Congress Classification     Public Health Nurses School Public Health Nurses School General Stacks 02/04/2021 RA395.D63 00450 02/04/2021 c.4 02/04/2021 Books ekp 04/02/21
    Library of Congress Classification     Public Health Nurses School Public Health Nurses School General Stacks 02/04/2021 RA395.D63 00451 02/04/2021 c.5 02/04/2021 Books ekp 04/02/21
    Library of Congress Classification     Public Health Nurses School Public Health Nurses School General Stacks 02/04/2021 RA395.D63 00452 02/04/2021 c.6 02/04/2021 Books ekp 04/02/21
    Library of Congress Classification     Public Health Nurses School Public Health Nurses School General Stacks 02/04/2021 RA395.D63 00453 02/04/2021 c.7 02/04/2021 Books ekp 04/02/21
    Library of Congress Classification     Public Health Nurses School Public Health Nurses School General Stacks 02/04/2021 RA395.D63 00454 02/04/2021 c.8 02/04/2021 Books ekp 04/02/21
    Library of Congress Classification     Public Health Nurses School Public Health Nurses School General Stacks 02/04/2021 RA395.D63 00455 02/04/2021 c.9 02/04/2021 Books ekp 04/02/21
Copyright © 2025 PHNS Library. All Rights Reserved.